000 00588nam a2200181Ia 4500
008 090123s9999 xx 000 0 und d
082 _b7544
_a891.463/जावडे
100 _aजावडेकर मधुकर
245 _aघर राहिले दूर
250 _a1
260 _bस्मिता प्रकाशन
300 _a260
600 _aजावडेकर मधुकर
630 _aघर राहिले दूर
700 _aजावडेकर मधुकर
730 _aघर राहिले दूर
942 _cBOOK
999 _c45610
_d45610